000 00282nam a2200121Ia 4500
008 190216s9999||||xx |||||||||||||| ||und||
100 _aAdolf A Berle
245 0 _aAmercian Economic Republic
260 _bOxford & I B H
_c1963
300 _a237p
650 _aEconomics
942 _cBK
999 _c9202
_d9202